Italian cities by photo - Statistics

General Stats
  • This quiz has been taken 156 times
  • The average score is 9 of 15
Answer Stats
Picture Answer % Correct
Pisa
90%
Venice
89%
Milan
86%
Naples
84%
Rome
83%
Florence
76%
Turin
71%
Bologna
69%
Verona
66%
Siena
57%
Assisi
42%
Agrigento
38%
Padua
35%
Ancona
26%
Perugia
20%
No matching quizzes found
Score Distribution
Percent of People with Each Score
Percentile by Number Answered
Your Score History
You have not taken this quiz